| 000 | 00484nam a2200157Ia 4500 | ||
|---|---|---|---|
| 008 | 240428s9999||||xx |||||||||||||| ||und|| | ||
| 041 | _aeng | ||
| 082 | _aBR/ITA/16 | ||
| 100 | _aFinance Committee | ||
| 245 | 0 | _aReport Of The Finance Committee on the Income Tax (Amendment) (NO.2)Bill, 2016 | |
| 260 |
_bFinance Committee _aAccra _c2016 |
||
| 300 | _a5p. | ||
| 650 | _aReport Of The Finance Committee on the Income Tax (Amendment) (NO.2)Bill, 2016 | ||
| 942 | _cBRC | ||
| 999 |
_c1531 _d1531 |
||